000 00747nam a2200253 i 4500
001 C2-0343679
003 PPAK
005 20180728144802.0
008 171114s2013 ilua|||| ||||| | eng d
020 _a9781450429306 ; 1450429300
040 _aPPAK
_beng
_cPPAK
_erda
082 0 4 _a796.6
_223
090 0 0 _a796.6
_bSOV
_dR
100 1 _aSovndal, Shannon,
_d1970-
_eauthor
245 1 0 _aFitness cycling
264 1 _aChampaign, Illinois :
_bHuman Kinetics ,
_c2013
300 _aviii, 216 pages :
_bcolour photographs ;
_c26 cm
336 _2rdacontent
_atext
337 _2rdamedia
_aunmediated
338 _2rdacarrier
_avolume
500 _aIncludes index.
650 1 0 _aCycling. ; Cycling - Equipment and supplies.
942 _ddc
_cB
999 _c140495
_d140495